[Event "Stockerau-Open 2005 A-Turnier"]
[Site "A-Turnier"]
[Date "2005.05.06"]
[Round "3"]
[White "Englisch, Dieter"]
[Black "Ponjican, Erich"]
[Result "0-1"]
[WhiteElo "1895"]
[BlackElo "2117"]
[PlyCount "94"]
[EventDate "2005.05.05"]

1. e4 Nf6 2. e5 Nd5 3. c4 Nb6 4. d4 d6 5. exd6 exd6 6. Nc3 Be7 7. a3 a5 8. Be3
O-O 9. Bd3 Nc6 10. Nge2 d5 11. c5 Nc4 12. Bxc4 dxc4 13. Qa4 Bf6 14. Qxc4 Be6
15. Qd3 Ne5 16. Qc2 Ng4 17. O-O Nxe3 18. fxe3 Bg5 19. Nf4 Re8 20. Rae1 Bc4 21.
Rf3 Qd7 22. Ne4 Qf5 23. Nf6+ Qxf6 24. Qxc4 Bxf4 25. Rxf4 Qxf4 26. exf4 Rxe1+
27. Kf2 Ree8 28. b4 axb4 29. axb4 c6 30. b5 Red8 31. Ke3 g6 32. Ke4 Ra3 33. f5
Kg7 34. fxg6 hxg6 35. Qc1 Ra4 36. Qb2 Rd5 37. bxc6 bxc6 38. Kd3 Kh7 39. Qf2
Ra3+ 40. Ke4 Kg7 41. g4 f5+ 42. gxf5 gxf5+ 43. Kf4 Rd3 44. Qg2+ Kf7 45. Kg5
R3xd4 46. Kh6 Rh4+ 47. Kg5 Rg4+ 0-1

[Event "Stockerau-Open 2005 A-Turnier"]
[Site "A-Turnier"]
[Date "2005.05.06"]
[Round "3"]
[White "Waller, Helmut"]
[Black "Xia, Zhengguang"]
[Result "0-1"]
[WhiteElo "2023"]
[BlackElo "1664"]
[PlyCount "98"]
[EventDate "2005.05.05"]

1. d4 d5 2. Nf3 Nf6 3. e3 e6 4. c4 c5 5. Nc3 cxd4 6. exd4 Bb4 7. Bd2 O-O 8. a3
Bxc3 9. Bxc3 b6 10. Qc2 Bb7 11. Ne5 Nbd7 12. Bd3 dxc4 13. Nxc4 Bxg2 14. Rg1 Bd5
15. Bb4 Bxc4 16. Bxc4 Re8 17. Kf1 Rc8 18. Qb3 Qc7 19. Ba6 Rb8 20. Qe3 Qxh2 21.
Rc1 Nd5 22. Qg5 g6 23. Bb5 Nxb4 24. axb4 Red8 25. Rg3 Qh1+ 26. Ke2 Qe4+ 27. Re3
Qf5 28. Qxf5 gxf5 29. Rg3+ Kf8 30. Bxd7 Rxd7 31. Rh1 Rxd4 32. Rxh7 Ke7 33. Rc3
Rbd8 34. Rb3 Rd2+ 35. Ke3 f4+ 36. Kxf4 Rxf2+ 37. Ke3 Rdd2 38. Ra3 Rxb2 39.
Rxa7+ Kd6 40. Rh4 Rf5 41. Rd4+ Kc6 42. Rdd7 Rb3+ 43. Ke2 Rxb4 44. Rac7+ Kb5 45.
Rxf7 Rxf7 46. Rxf7 Rc4 47. Re7 Rc6 48. Kd3 Kc5 49. Kc3 Kd6+ 0-1

[Event "Stockerau-Open 2005 A-Turnier"]
[Site "A-Turnier"]
[Date "2005.05.06"]
[Round "3"]
[White "Rauch, Christian"]
[Black "Kirchmayer, Heribert"]
[Result "1-0"]
[WhiteElo "1804"]
[BlackElo "1990"]
[PlyCount "119"]
[EventDate "2005.05.05"]

1. d4 Nf6 2. Nf3 g6 3. Bg5 Bg7 4. Nbd2 h6 5. Bh4 O-O 6. e4 d6 7. Bd3 Nbd7 8. c3
e5 9. Nc4 Re8 10. Bxf6 Qxf6 11. Ne3 c6 12. O-O Nf8 13. h3 g5 14. d5 c5 15. Nh2
Ng6 16. Nhg4 Qd8 17. Nf5 h5 18. Nge3 h4 19. Nc4 Bf8 20. g3 Bxf5 21. exf5 Ne7
22. Be4 hxg3 23. fxg3 f6 24. h4 Bh6 25. Qh5 Kg7 26. Ne3 Rh8 27. Qg4 Kf8 28. h5
Qe8 29. Qe2 g4 30. Nxg4 Bg5 31. Rf2 Rxh5 32. Rh2 Rxh2 33. Qxh2 Kg7 34. Kf2 Qb5
35. Kf3 Rh8 36. Qe2 Qxe2+ 37. Kxe2 c4 38. Rb1 Rc8 39. Nf2 Rc5 40. b4 cxb3 41.
Rxb3 b6 42. Nd3 Ra5 43. Nb4 Ra4 44. Kd3 Kh6 45. Rb2 Nc8 46. Nc6 a6 47. Nd8 Kh7
48. Nf7 Bc1 49. Rc2 Ba3 50. Nd8 b5 51. Rh2+ Kg8 52. Rh6 Nb6 53. Rxf6 Nd7 54.
Rg6+ Kh7 55. Nb7 Bc1 56. Rxd6 Rxa2 57. Rxd7+ Kh6 58. Rd6+ Kg7 59. Rg6+ Kf8 60.
Bh1 1-0

[Event "Stockerau-Open 2005 A-Turnier"]
[Site "A-Turnier"]
[Date "2005.05.06"]
[Round "3"]
[White "Skopetz, Friedrich"]
[Black "Kolm, Robert"]
[Result "0-1"]
[WhiteElo "1822"]
[BlackElo "1840"]
[PlyCount "94"]
[EventDate "2005.05.05"]

1. a3 c5 2. e3 Nf6 3. d4 cxd4 4. exd4 g6 5. Nf3 Bg7 6. Bd3 O-O 7. O-O d6 8. c3
Qc7 9. Bf4 Nh5 10. Bg3 Nxg3 11. hxg3 Nd7 12. Nbd2 Nf6 13. Re1 Bg4 14. Nc4 Rad8
15. Qe2 Rfe8 16. Ne3 e5 17. Nxg4 Nxg4 18. Bb5 Re7 19. Ng5 Nh6 20. d5 Qc8 21. f3
Qc5+ 22. Kh2 Qxd5 23. Rad1 Qc5 24. Ne4 Qc7 25. Rd5 a6 26. Ba4 b5 27. Bb3 Qb6
28. Red1 Red7 29. Qd2 Nf5 30. Nc5 Rc7 31. g4 Ne7 32. Ne6 fxe6 33. Rxd6 Rxd6 34.
Qxd6 Qxd6 35. Rxd6 Nc6 36. Bxe6+ Kf8 37. Bd5 Na7 38. Rxa6 Ke7 39. Rb6 Bh6 40.
Bg8 Kf8 41. Rb8+ Rc8 42. Rxc8+ Nxc8 43. Bxh7 Kg7 44. Bxg6 Kxg6 45. b3 Nb6 46.
c4 Nxc4 47. a4 b4 0-1

[Event "Stockerau-Open 2005 A-Turnier"]
[Site "A-Turnier"]
[Date "2005.05.06"]
[Round "3"]
[White "Schindler, Gerhard"]
[Black "Rausch, Stefan"]
[Result "1-0"]
[WhiteElo "1802"]
[BlackElo "1769"]
[PlyCount "57"]
[EventDate "2005.05.05"]

1. e4 e6 2. c4 d5 3. exd5 exd5 4. cxd5 Nf6 5. Bb5+ Nbd7 6. Nc3 a6 7. Be2 Nb6 8.
Nf3 Nbxd5 9. O-O Bd6 10. Bc4 Be6 11. Nxd5 Bxd5 12. Re1+ Be6 13. Bxe6 fxe6 14.
Rxe6+ Kd7 15. Qe2 Re8 16. Rxe8 Qxe8 17. Qxe8+ Rxe8 18. Kf1 Ne4 19. d4 Kc6 20.
Be3 Kd5 21. h3 h6 22. Ke2 g5 23. Kd3 Bf4 24. Rf1 Re6 25. Ng1 Rb6 26. b3 Rf6 27.
Ne2 Bxe3 28. Kxe3 Rc6 29. Kd3 {Zeitueberschreitung!} 1-0

[Event "Stockerau-Open 2005 A-Turnier"]
[Site "A-Turnier"]
[Date "2005.05.06"]
[Round "3.12"]
[White "Amberger, Dieter"]
[Black "Filip, Daniel"]
[Result "0-1"]
[WhiteElo "2006"]
[BlackElo "1969"]
[PlyCount "165"]
[EventDate "2005.05.05"]

1. e4 e6 2. d4 d5 3. Nc3 Nf6 4. e5 Nfd7 5. f4 c5 6. Nf3 Nc6 7. Be3 cxd4 8. Nxd4
Bc5 9. Qd2 O-O 10. O-O-O a6 11. h4 Bxd4 12. Bxd4 b5 13. h5 b4 14. Na4 a5 15.
Rh3 Qc7 16. Rg3 Ba6 17. Bf2 Bxf1 18. Rxf1 Rfc8 19. Qe2 Ne7 20. Kb1 Ra6 21. Rc1
Rc6 22. Rd3 Rc4 23. Qd2 Qb7 24. g4 Qb5 25. b3 R4c7 26. Rf3 Nc6 27. Rg3 f6 28.
Bd4 Nxd4 29. Qxd4 Qe2 30. Qe3 Qxe3 31. Rxe3 d4 32. Rd3 fxe5 33. fxe5 Nxe5 34.
Rxd4 Rc6 35. Nb2 Rc3 36. Nd3 Nxd3 37. Rxd3 Rxd3 38. cxd3 Rxc1+ 39. Kxc1 Kf7 40.
Kd2 Kf6 41. Ke3 Kg5 42. Kf3 e5 43. Ke4 Kxg4 44. Kxe5 Kxh5 45. d4 g5 46. d5 g4
47. d6 g3 48. d7 g2 49. d8=Q g1=Q 50. Qe8+ Kh4 51. Qa4 h5 52. Kd6 Qd4+ 53. Kc6
Qe5 54. Kb6 Kg3 55. Qd7 h4 56. Qd3+ Kh2 57. Qd2+ Kh3 58. Qd3+ Qg3 59. Qf1+ Kh2
60. Qe2+ Kh1 61. Qe4+ Kg1 62. Qb1+ Kf2 63. Qc2+ Ke3 64. Qc1+ Kd4 65. Qc4+ Ke3
66. Qc1+ Kf3 67. Qc6+ Kf2 68. Qc2+ Kg1 69. Qd1+ Kh2 70. Qe2+ Qg2 71. Qe5+ Kh1
72. Kxa5 Qxa2+ 73. Kxb4 Qd2+ 74. Ka4 h3 75. Qe4+ Kg1 76. Qg4+ Qg2 77. Qd1+ Kf2
78. Qd2+ Kf3 79. Qd5+ Ke3 80. Qc5+ Kd2 81. Qd6+ Kc2 82. Qc5+ Kb1 83. Qf5+ 0-1

[Event "Stockerau-Open 2005 A-Turnier"]
[Site "A-Turnier"]
[Date "2005.05.07"]
[Round "4"]
[White "Shengelia, David"]
[Black "Hangweyrer, Manfred"]
[Result "1-0"]
[WhiteElo "2507"]
[BlackElo "2316"]
[PlyCount "55"]
[EventDate "2005.05.05"]

1. d4 d6 2. e4 Nf6 3. Nc3 c6 4. g3 e5 5. Bg2 Be7 6. a4 a5 7. Nge2 O-O 8. O-O
Na6 9. h3 Re8 10. Be3 Qc7 11. Qd2 Bf8 12. g4 Nb4 13. Ng3 g6 14. f4 Bg7 15. dxe5
dxe5 16. f5 Nd7 17. Qf2 Rf8 18. Rfd1 Re8 19. Bf1 h6 20. Bc4 g5 21. Nh5 Nf6 22.
Bb6 Qb8 23. Nxg7 Kxg7 24. Rd2 Nd7 25. Be3 Nf6 26. Rad1 Na6 27. Bb6 Nc7 28. Qc5
1-0

[Event "Stockerau-Open 2005 A-Turnier"]
[Site "A-Turnier"]
[Date "2005.05.07"]
[Round "4"]
[White "Groetz, Harald"]
[Black "Langusch, Roman"]
[Result "1-0"]
[WhiteElo "2327"]
[BlackElo "2088"]
[PlyCount "49"]
[EventDate "2005.05.05"]

1. e4 c5 2. Nf3 e6 3. d4 cxd4 4. Nxd4 a6 5. Bd3 Bc5 6. Nb3 Ba7 7. O-O Nc6 8.
Qe2 d6 9. Be3 Nf6 10. Bxa7 Rxa7 11. Nc3 b5 12. a4 b4 13. Nb1 O-O 14. N1d2 e5
15. Bc4 d5 16. exd5 Nxd5 17. Qe4 Nf4 18. Nf3 Qf6 19. Rfe1 Re7 20. Nc5 Bf5 21.
Qe3 Bxc2 22. Rac1 e4 23. Nd2 Bd3 24. Ndxe4 Bxe4 25. Nxe4 1-0

[Event "Stockerau-Open 2005 A-Turnier"]
[Site "A-Turnier"]
[Date "2005.05.07"]
[Round "4"]
[White "Kolm, Robert"]
[Black "Batyte, Daiva"]
[Result "0-1"]
[WhiteElo "1840"]
[BlackElo "2160"]
[PlyCount "84"]
[EventDate "2005.05.05"]

1. e4 e5 2. Nf3 Nf6 3. Nxe5 d6 4. Nf3 Nxe4 5. Bd3 Nc5 6. Be2 d5 7. d4 Ne4 8.
O-O Be7 9. c4 O-O 10. Qb3 dxc4 11. Bxc4 Nd6 12. Bd3 Nd7 13. h3 Nf6 14. Nc3 c6
15. Be3 Be6 16. Qc2 Bc4 17. Ne5 Bxd3 18. Qxd3 Qa5 19. Rac1 Rad8 20. Qb1 Nd5 21.
Nxd5 Qxd5 22. Rc5 Qe4 23. Qxe4 Nxe4 24. Rc2 Rd5 25. Nc4 Bf6 26. Nd2 Nxd2 27.
Rxd2 Rfd8 28. Rfd1 Kf8 29. Kf1 Ke7 30. Ke2 Ke6 31. g4 h5 32. f3 a6 33. b3 Kd7
34. Kf2 Bh4+ 35. Ke2 Re8 36. Rd3 Bg3 37. Kd2 f5 38. Kc3 f4 39. Bg1 Re2 40. a4
Be1+ 41. Rxe1 Rxe1 42. Bh2 hxg4 0-1

[Event "Stockerau-Open 2005 A-Turnier"]
[Site "A-Turnier"]
[Date "2005.05.07"]
[Round "4"]
[White "Xia, Zhengguang"]
[Black "Schirmbeck, Hannes"]
[Result "0-1"]
[WhiteElo "1664"]
[BlackElo "2143"]
[PlyCount "74"]
[EventDate "2005.05.05"]

1. e4 c5 2. d4 cxd4 3. c3 dxc3 4. Nxc3 a6 5. Bc4 e6 6. Nf3 b5 7. Bb3 Bb7 8. Qe2
d6 9. O-O Nf6 10. Bg5 Be7 11. Rfd1 Nbd7 12. e5 Bxf3 13. gxf3 Nxe5 14. Bf4 Ng6
15. Bg3 O-O 16. Ne4 Nxe4 17. fxe4 Qb6 18. Qg4 Kh8 19. h4 f5 20. exf5 exf5 21.
Qd4 Qxd4 22. Rxd4 f4 23. Bh2 Nxh4 24. Rxf4 g5 25. Rxh4 gxh4 26. Re1 Rae8 27.
Rxe7 Rxe7 28. Bxd6 Re1+ 29. Kg2 Kg7 30. Bb4 h3+ 31. Kxh3 Rf3+ 32. Kg4 Re4+ 33.
Kxf3 Rxb4 34. Ke3 a5 35. Kd3 a4 36. Bc2 Rxb2 37. a3 Ra2 0-1

[Event "Stockerau-Open 2005 A-Turnier"]
[Site "A-Turnier"]
[Date "2005.05.07"]
[Round "4"]
[White "Ponjican, Erich"]
[Black "Rauch, Christian"]
[Result "1-0"]
[WhiteElo "2117"]
[BlackElo "1804"]
[PlyCount "75"]
[EventDate "2005.05.05"]

1. e4 c6 2. d4 d5 3. Nc3 dxe4 4. Nxe4 Bf5 5. Ng3 Bg6 6. Nf3 Nd7 7. h4 h6 8. h5
Bh7 9. Bd3 Bxd3 10. Qxd3 Ngf6 11. Bd2 e6 12. O-O-O Qc7 13. c4 Bd6 14. Ne2 O-O-O
15. Nc3 Bf4 16. Kb1 Bxd2 17. Rxd2 Qa5 18. d5 exd5 19. cxd5 cxd5 20. Nb5 Kb8 21.
Nfd4 Ne4 22. Rc2 a6 23. Nc3 Ne5 24. Qe3 Nxc3+ 25. Rxc3 f6 26. f4 Nc4 27. Qe7
Qb6 28. Nb3 Rde8 29. Qxg7 Qd6 30. Qg4 Rhg8 31. Qf3 Re4 32. g3 Rge8 33. Rd1 Qb6
34. Rc2 Ne3 35. Nc5 Qd8 36. Nxe4 Rxe4 37. Qxe4 Nxd1 38. Qe2 1-0

[Event "Stockerau-Open 2005 A-Turnier"]
[Site "A-Turnier"]
[Date "2005.05.07"]
[Round "4"]
[White "Schmid, Thomas"]
[Black "Rabl, Gerhard"]
[Result "1-0"]
[WhiteElo "2146"]
[BlackElo "1883"]
[PlyCount "109"]
[EventDate "2005.05.05"]

1. e4 d5 2. exd5 Qxd5 3. Nc3 Qa5 4. d4 c6 5. Nf3 Nf6 6. Bc4 Bf5 7. Bd2 e6 8.
Ne4 Qd8 9. Ng3 Bg4 10. c3 Qc7 11. h3 Bxf3 12. Qxf3 Bd6 13. Ne2 Nbd7 14. g4 Nd5
15. O-O-O Nf8 16. h4 Ng6 17. h5 Ngf4 18. Ng3 O-O-O 19. Bb3 b5 20. Kb1 Nb6 21.
Ne4 Nfd5 22. Nxd6+ Rxd6 23. g5 Rdd8 24. Qe2 Qd7 25. Bc2 Kb7 26. b3 Ne7 27. Be4
a6 28. Kb2 Ka7 29. Bc1 Nf5 30. Qf3 Rc8 31. Rhe1 Rhe8 32. Bc2 Rcd8 33. Re5 g6
34. Ree1 Ng7 35. hxg6 hxg6 36. Be4 Kb7 37. Bf4 Nf5 38. Be5 Rc8 39. Qe2 Ka7 40.
Ra1 Kb7 41. a4 bxa4 42. c4 Ra8 43. c5 Nd5 44. Rxa4 Nc7 45. Rb4+ Kc8 46. Ra1 Ne7
47. Bxc7 Qxc7 48. Rxa6 Kd7 49. Rab6 Ra7 50. Qf3 Rf8 51. Ra4 Rxa4 52. bxa4 Nd5
53. Bxd5 cxd5 54. Qb3 Kc8 55. Qb5 1-0

[Event "Stockerau-Open 2005 A-Turnier"]
[Site "A-Turnier"]
[Date "2005.05.07"]
[Round "4"]
[White "Ebner, Johann"]
[Black "Hofbauer, Peter"]
[Result "0-1"]
[WhiteElo "2059"]
[BlackElo "2033"]
[PlyCount "132"]
[EventDate "2005.05.05"]

1. d4 Nf6 2. c4 c5 3. Nf3 cxd4 4. Nxd4 Nc6 5. g3 e5 6. Nxc6 bxc6 7. Bg2 Bb4+ 8.
Bd2 Be7 9. e4 O-O 10. Nc3 d6 11. h3 Be6 12. Qe2 Qc7 13. O-O Rad8 14. Rad1 Nd7
15. Kh2 f5 16. f4 fxe4 17. Qxe4 Nc5 18. Qe2 Bf6 19. f5 Bf7 20. b4 Nd7 21. Rc1
Nb6 22. Ne4 Kh8 23. Bg5 Qe7 24. Nxf6 gxf6 25. Bh6 Rg8 26. Bxc6 Rc8 27. b5 Na4
28. Be3 Nc5 29. Rfd1 Rxc6 30. bxc6 Be8 31. Bxc5 dxc5 32. Qd3 Bxc6 33. Qd6 Qg7
34. Rc3 Be4 35. Qd7 Qg5 36. Qxa7 Bxf5 37. Qxc5 Bxh3 38. Qf2 Bf5 39. Rf1 Rg6 40.
Qxf5 Qd2+ 41. Qf2 Qxc3 42. Rd1 Qa5 43. Qd2 Qxd2+ 44. Rxd2 Rg8 45. c5 Rc8 46.
Rc2 Kg7 47. Kg2 Kf7 48. Kf3 Ke6 49. Rh2 Rc7 50. Rh6 Rxc5 51. Rxh7 Ra5 52. Rh2
f5 53. Rb2 Ra3+ 54. Kf2 Kf6 55. Re2 Ra5 56. Kf3 Kg5 57. Kg2 e4 58. Kh3 Ra3 59.
Rc2 Rd3 60. Rb2 e3 61. Re2 f4 62. gxf4+ Kxf4 63. Kg2 Ke4 64. Kf1 Kf3 65. Ke1
Rc3 66. Kd1 Rc1+ 0-1

[Event "Stockerau-Open 2005 A-Turnier"]
[Site "A-Turnier"]
[Date "2005.05.07"]
[Round "4"]
[White "Sadilek, Peter"]
[Black "Schindler, Gerhard"]
[Result "1-0"]
[WhiteElo "1965"]
[BlackElo "1802"]
[PlyCount "43"]
[EventDate "2005.05.05"]

1. e4 d5 2. exd5 Qxd5 3. Nc3 Qd6 4. d4 c6 5. Be3 Nf6 6. Qd2 g6 7. O-O-O Nd5 8.
Nxd5 cxd5 9. Bd3 Bf5 10. Bxf5 gxf5 11. Ne2 Nc6 12. Nf4 Bh6 13. Kb1 Bf8 14. Qd3
e6 15. c4 dxc4 16. Qxc4 Qb4 17. Qc2 Nd8 18. d5 Bg7 19. Nh5 O-O 20. Nxg7 Kxg7
21. Bd4+ f6 22. Bc5 1-0

[Event "Stockerau-Open 2005 A-Turnier"]
[Site "A-Turnier"]
[Date "2005.05.07"]
[Round "4"]
[White "Wetzenkircher, Markus"]
[Black "Waller, Helmut"]
[Result "1/2-1/2"]
[WhiteElo "1881"]
[BlackElo "2023"]
[PlyCount "49"]
[EventDate "2005.05.05"]

1. e4 c5 2. d4 cxd4 3. f4 Nc6 4. Nf3 d5 5. e5 Bg4 6. Bd3 e6 7. O-O Nh6 8. b3
Rc8 9. Rf2 a6 10. Nbd2 Nb4 11. a3 Nxd3 12. cxd3 Nf5 13. Nf1 Bc5 14. h3 Bxf3 15.
Qxf3 O-O 16. g4 Nh4 17. Qg3 Be7 18. Nh2 Qd7 19. Bb2 Rc6 20. Raf1 Rfc8 21. f5
Bg5 22. Bxd4 Rc2 23. Be3 Rxf2 24. Qxf2 Bxe3 25. Qxe3 1/2-1/2

[Event "Stockerau-Open 2005 A-Turnier"]
[Site "A-Turnier"]
[Date "2005.05.07"]
[Round "4"]
[White "Kirchmayer, Heribert"]
[Black "Englisch, Dieter"]
[Result "1/2-1/2"]
[WhiteElo "1990"]
[BlackElo "1895"]
[PlyCount "84"]
[EventDate "2005.05.05"]

1. Nf3 Nf6 2. g3 c5 3. Bg2 g6 4. O-O Bg7 5. d3 d5 6. Nbd2 O-O 7. e4 Nc6 8. c3
d4 9. c4 e5 10. h3 h6 11. Nh2 Nh5 12. Nb3 Qe7 13. Bd2 Kh7 14. Nc1 Be6 15. Ne2
Rh8 16. g4 Nf6 17. f4 exf4 18. Nxf4 g5 19. Nd5 Bxd5 20. cxd5 Ne5 21. Be1 Nfd7
22. Bg3 Rhf8 23. Rf2 c4 24. Bxe5 Nxe5 25. Bf1 cxd3 26. Bxd3 Nxd3 27. Qxd3 Rac8
28. Nf3 Qc5 29. Rd1 Qc4 30. Nxd4 Qxd3 31. Rxd3 Rc4 32. Nf5 Rxe4 33. Nxg7 Kxg7
34. d6 Rd8 35. Rc2 Re6 36. Rc7 Rexd6 37. Rxd6 Rxd6 38. Rxb7 Ra6 39. a3 Kg6 40.
Kf2 f5 41. gxf5+ Kxf5 42. Kf3 Ke5 1/2-1/2

[Event "Stockerau-Open 2005 A-Turnier"]
[Site "A-Turnier"]
[Date "2005.05.07"]
[Round "4"]
[White "Filip, Daniel"]
[Black "Skopetz, Friedrich"]
[Result "1-0"]
[WhiteElo "1969"]
[BlackElo "1822"]
[PlyCount "69"]
[EventDate "2005.05.05"]

1. d4 e6 2. c4 f5 3. Nc3 Bb4 4. Qc2 Nf6 5. a3 Bxc3+ 6. Qxc3 Ne4 7. Qc2 O-O 8.
g3 d5 9. Bg2 Nd7 10. Nh3 c6 11. O-O h6 12. b3 g5 13. Bb2 Ndf6 14. f3 Nd6 15.
Nf2 Qe8 16. e4 fxe4 17. fxe4 Qg6 18. Rae1 Bd7 19. a4 Nfxe4 20. Ba3 Rxf2 21.
Rxf2 Qg7 22. Bxd6 Nxd6 23. Qd3 Nf5 24. Rd2 Rf8 25. Rf1 g4 26. Rf4 h5 27. Rdf2
Rf7 28. a5 a6 29. Qd2 e5 30. dxe5 dxc4 31. bxc4 Qxe5 32. Be4 Qc5 33. Kh1 Be6
34. Qd8+ Kh7 35. Qg5 1-0

[Event "Stockerau-Open 2005 A-Turnier"]
[Site "A-Turnier"]
[Date "2005.05.07"]
[Round "4"]
[White "Rausch, Stefan"]
[Black "Amberger, Dieter"]
[Result "1/2-1/2"]
[WhiteElo "1769"]
[BlackElo "2006"]
[PlyCount "107"]
[EventDate "2005.05.05"]

1. d4 d5 2. Nf3 c6 3. c4 Nf6 4. Nc3 e6 5. cxd5 exd5 6. Bg5 Be7 7. e3 Bf5 8. Bd3
Bxd3 9. Qxd3 Nbd7 10. O-O O-O 11. a3 Ne4 12. Bxe7 Qxe7 13. Nd2 Ndf6 14. Ndxe4
Nxe4 15. Nxe4 dxe4 16. Qc4 Rfd8 17. f4 exf3 18. Rxf3 Rd7 19. Raf1 Re8 20. Rxf7
Qxf7 21. Rxf7 Rxf7 22. Qe2 Re4 23. b4 a6 24. h3 h6 25. Qd3 Rfe7 26. Kf2 Kf7 27.
Kf3 R4e6 28. g4 Re8 29. Qc4 Kf6 30. Qd3 Rxe3+ 31. Qxe3 Rxe3+ 32. Kxe3 Kg5 33.
Kf3 Kh4 34. Kg2 b5 35. Kh2 h5 36. gxh5 Kxh5 37. Kg3 g5 38. Kh2 Kh4 39. Kg2 g4
40. hxg4 Kxg4 41. Kf2 Kf4 42. Ke2 Ke4 43. Kd2 Kxd4 44. Kc2 Kc4 45. Kb2 c5 46.
bxc5 Kxc5 47. Kb3 a5 48. Kc3 Kd5 49. Kd3 Kc6 50. Kc2 Kd6 51. Kd2 Ke6 52. Ke2
Ke7 53. Ke3 Kd6 54. Kd2 1/2-1/2

[Event "Stockerau-Open 2005 A-Turnier"]
[Site "A-Turnier"]
[Date "2005.05.08"]
[Round "5"]
[White "Hangweyrer, Manfred"]
[Black "Schirmbeck, Hannes"]
[Result "1-0"]
[WhiteElo "2316"]
[BlackElo "2143"]
[PlyCount "89"]
[EventDate "2005.05.05"]

1. e4 c5 2. Nc3 Nc6 3. g3 g6 4. Bg2 Bg7 5. d3 d6 6. f4 e6 7. Nf3 Nge7 8. O-O
O-O 9. Be3 Rb8 10. Rb1 Qa5 11. Bd2 b5 12. a3 Qb6 13. Kh1 a5 14. a4 b4 15. Nb5
Rd8 16. c4 d5 17. Qe1 Bb7 18. cxd5 exd5 19. f5 dxe4 20. dxe4 Rd3 21. Bf4 Re8
22. g4 Qd8 23. Qc1 Nc8 24. Ne1 Rd7 25. Qxc5 Ne5 26. g5 Bf8 27. Qf2 Nc4 28. fxg6
hxg6 29. Rc1 Ne5 30. Qc2 Nd6 31. Nc7 Ree7 32. Nd5 Bxd5 33. exd5 Nf5 34. Qb3 Nd4
35. Qh3 Ne2 36. Rd1 Nc4 37. d6 Nxd6 38. Bc6 Nxf4 39. Rxf4 Rc7 40. Qf3 Qc8 41.
Bd5 Rc1 42. Nd3 Rc2 43. Rf6 Ree2 44. Rxf7 Rxh2+ 45. Kg1 1-0

[Event "Stockerau-Open 2005 A-Turnier"]
[Site "A-Turnier"]
[Date "2005.05.08"]
[Round "5"]
[White "Batyte, Daiva"]
[Black "Ponjican, Erich"]
[Result "1-0"]
[WhiteElo "2160"]
[BlackElo "2117"]
[PlyCount "67"]
[EventDate "2005.05.05"]

1. e4 Nf6 2. e5 Nd5 3. d4 d6 4. Nf3 Bg4 5. Be2 Nc6 6. c4 Nb6 7. exd6 exd6 8.
O-O Be7 9. Nc3 O-O 10. b3 Re8 11. Be3 d5 12. c5 Nc8 13. a3 Bf6 14. b4 h6 15. h3
Bh5 16. Qd2 g5 17. Ne5 Bxe2 18. Nxc6 bxc6 19. Nxe2 Re6 20. Ng3 Bg7 21. Rae1 Ne7
22. f4 gxf4 23. Bxf4 Rxe1 24. Rxe1 Ng6 25. Bxh6 Bh8 26. Nf5 Qd7 27. Rf1 Re8 28.
Bg5 Rf8 29. Qe2 f6 30. Qg4 Qe8 31. Bh6 Kf7 32. Bxf8 Kxf8 33. Qg3 Qf7 34. h4 1-0

[Event "Stockerau-Open 2005 A-Turnier"]
[Site "A-Turnier"]
[Date "2005.05.08"]
[Round "5"]
[White "Hofbauer, Peter"]
[Black "Schmid, Thomas"]
[Result "1-0"]
[WhiteElo "2033"]
[BlackElo "2146"]
[PlyCount "73"]
[EventDate "2005.05.05"]

1. e4 c5 2. c3 d5 3. exd5 Qxd5 4. d4 Nf6 5. Nf3 Bg4 6. Be2 e6 7. O-O Nc6 8. Be3
cxd4 9. Nxd4 Bxe2 10. Qxe2 Nxd4 11. Bxd4 Be7 12. Rd1 Qc6 13. Nd2 O-O 14. a4 Nd7
15. Nf3 a6 16. b4 Rfd8 17. a5 f6 18. Rab1 b5 19. axb6 Nxb6 20. Bxb6 Qxb6 21.
Rxd8+ Rxd8 22. Qc4 a5 23. Re1 Kf7 24. bxa5 Qd6 25. Nd4 Qd5 26. Qxd5 Rxd5 27.
Ra1 Bc5 28. a6 Bxd4 29. cxd4 Rd8 30. Kf1 Ra8 31. Ke2 Ke7 32. Kd3 Kd6 33. Kc4
Kc6 34. a7 Kb6 35. d5 e5 36. Ra2 f5 37. d6 1-0

[Event "Stockerau-Open 2005 A-Turnier"]
[Site "A-Turnier"]
[Date "2005.05.08"]
[Round "5"]
[White "Langusch, Roman"]
[Black "Sadilek, Peter"]
[Result "1-0"]
[WhiteElo "2088"]
[BlackElo "1965"]
[PlyCount "77"]
[EventDate "2005.05.05"]

1. e4 d5 2. Nc3 dxe4 3. Nxe4 Nf6 4. Nxf6+ gxf6 5. d4 Bf5 6. Bc4 e6 7. Ne2 c6 8.
Ng3 Bg6 9. h4 h5 10. Be2 Bd6 11. Rh3 Nd7 12. Kf1 Qa5 13. a3 O-O-O 14. Be3 Bxg3
15. Rxg3 Qc7 16. c4 Nc5 17. b4 Ne4 18. Rf3 Bf5 19. Rf4 Bg6 20. Bf3 e5 21. Rxe4
Bxe4 22. Bxe4 exd4 23. Bd2 Kb8 24. g3 Ka8 25. Qf3 Qe7 26. Re1 Qd6 27. b5 f5 28.
Bxf5 cxb5 29. cxb5 Qd5 30. Qxd5 Rxd5 31. Bd3 Rhd8 32. Re7 R5d7 33. Rxd7 Rxd7
34. a4 Rc7 35. Ke2 Re7+ 36. Kf3 Kb8 37. Bf4+ Ka8 38. Be4 f6 39. a5 1-0

[Event "Stockerau-Open 2005 A-Turnier"]
[Site "A-Turnier"]
[Date "2005.05.08"]
[Round "5"]
[White "Rauch, Christian"]
[Black "Filip, Daniel"]
[Result "1-0"]
[WhiteElo "1804"]
[BlackElo "1969"]
[PlyCount "165"]
[EventDate "2005.05.05"]

1. d4 Nf6 2. Nf3 e6 3. e3 b6 4. Bd3 Bb7 5. Nbd2 d5 6. O-O Bd6 7. Re1 Nbd7 8. e4
dxe4 9. Nxe4 Nxe4 10. Bxe4 Bxe4 11. Rxe4 O-O 12. Qd3 h6 13. Bd2 c6 14. Rae1 b5
15. Bf4 Bb4 16. Rd1 Nf6 17. Re2 Nd5 18. Bg3 Be7 19. a3 Qb6 20. Ne5 Rad8 21. Qf3
a5 22. c3 Qb7 23. Nd3 Rfe8 24. Rde1 b4 25. axb4 axb4 26. Ne5 Bf8 27. c4 Nb6 28.
Nxc6 Rd7 29. b3 Ra8 30. Ne5 Qxf3 31. Nxf3 Ra3 32. Rb1 Nc8 33. Bf4 Ne7 34. Bc1
Ra6 35. Bb2 g6 36. g3 Bg7 37. Rd2 Ra2 38. Bc1 Rxd2 39. Bxd2 Nc6 40. Be3 Bxd4
41. Nxd4 Nxd4 42. Bxh6 e5 43. Kf1 f5 44. Be3 Nc6 45. Ke2 e4 46. Rd1 Rxd1 47.
Kxd1 Ne5 48. h4 Kf7 49. Ke2 Ke6 50. Bd2 Nc6 51. Ke3 Ke5 52. f3 exf3 53. Kxf3
Nd4+ 54. Ke3 Nc6 55. Bc1 Na5 56. Bd2 Nc6 57. Be1 Nd4 58. Kd3 Nc6 59. Bd2 Kd6
60. Bh6 Ke5 61. Bg7+ Ke6 62. Bf8 Ke5 63. Ke3 Ke6 64. Kf4 Kf7 65. Bc5 Kf6 66.
Bb6 Kf7 67. Kg5 Ne5 68. Bc5 Nd3 69. Bd4 Nc1 70. Bc5 Nd3 71. Be3 Ne5 72. c5 Nc6
73. Kh6 Kf6 74. Kh7 Kf7 75. Bd2 Kf6 76. Bc1 Kf7 77. Bb2 Ne7 78. Kh6 Nc6 79. Kg5
Ne7 80. Bd4 Nc6 81. Ba1 Ne7 82. Bb2 Nc6 83. h5 1-0

[Event "Stockerau-Open 2005 A-Turnier"]
[Site "A-Turnier"]
[Date "2005.05.08"]
[Round "5"]
[White "Rabl, Gerhard"]
[Black "Kolm, Robert"]
[Result "1/2-1/2"]
[WhiteElo "1883"]
[BlackElo "1840"]
[PlyCount "64"]
[EventDate "2005.05.05"]

1. d4 Nf6 2. c4 e6 3. Nf3 b6 4. g3 Ba6 5. b3 b5 6. cxb5 Bxb5 7. Bg2 c5 8. O-O
d5 9. Nc3 Bc6 10. e3 Nbd7 11. Bb2 Qb6 12. dxc5 Bxc5 13. Nd4 Bb7 14. Na4 Qd8 15.
Nxc5 Nxc5 16. Ba3 Qa5 17. Bxc5 Qxc5 18. Rc1 Qb6 19. Re1 O-O 20. Re2 e5 21. Nf3
e4 22. Nd4 Rac8 23. Rec2 Rxc2 24. Rxc2 Nd7 25. Bf1 Ne5 26. Kg2 Bc8 27. Be2 Qh6
28. h4 g5 29. Qh1 f5 30. hxg5 Qxg5 31. Rc7 h6 32. Qh5 a6 1/2-1/2

[Event "Stockerau-Open 2005 A-Turnier"]
[Site "A-Turnier"]
[Date "2005.05.08"]
[Round "5"]
[White "Englisch, Dieter"]
[Black "Xia, Zhengguang"]
[Result "1-0"]
[WhiteElo "1895"]
[BlackElo "1664"]
[PlyCount "129"]
[EventDate "2005.05.05"]

1. e4 e5 2. Nf3 Nc6 3. Bb5 Bc5 4. c3 Qf6 5. O-O Nge7 6. b4 Bb6 7. a4 a5 8. Qb3
axb4 9. cxb4 Nd4 10. Nxd4 Bxd4 11. Bb2 Bxb2 12. Qxb2 c6 13. Bc4 O-O 14. Nc3 Qg6
15. Kh1 d6 16. Rae1 Be6 17. Bb3 Bxb3 18. Qxb3 Qe6 19. Qxe6 fxe6 20. f3 b6 21.
Kg1 Ng6 22. Ra1 Nf4 23. g3 Nd3 24. b5 c5 25. Nd1 d5 26. Ne3 Nb4 27. Ra3 h5 28.
Kg2 g6 29. d3 d4 30. Nc4 Nc2 31. Ra2 Ne3+ 32. Nxe3 dxe3 33. Re1 Rfd8 34. Rxe3
Rd4 35. f4 exf4 36. gxf4 Raxa4 37. Rxa4 Rxa4 38. f5 gxf5 39. exf5 exf5 40. Re6
c4 41. dxc4 Rxc4 42. Rxb6 Kg7 43. Rc6 Rb4 44. b6 Kf7 45. Kf3 Ke7 46. Rh6 Kd7
47. Rh7+ Kc8 48. Rxh5 Rxb6 49. Rxf5 Rb1 50. Kg4 Rg1+ 51. Kh5 Kd7 52. h4 Rg8 53.
Kh6 Rh8+ 54. Kg5 Ke6 55. Rf6+ Ke5 56. Rg6 Rf8 57. h5 Rf1 58. Kh6 Rh1 59. Rg2
Rf1 60. Kg7 Ke6 61. h6 Rf7+ 62. Kg8 Ra7 63. h7 Ra8+ 64. Kg7 Ra7+ 65. Kh6 1-0